Disney Character Speaking II Quiz Stats

 Plays Quiz Updated Feb 27, 2019

Score 0/25 Timer 05:00
7 Plays Today
Question Answer Wrong Answers
But, Father, I've defeated every single monster I've come up against. I-I'm... I'm the most famous person in all of Greece. I'm... I-I'm an action figure! Hercules
90.1%
Ralph
0.5%
Tarzan
0.9%
Taran
0.7%
All this for a loaf of bread? Aladdin
85.6%
Beast
2.7%
Tiana
2.3%
Hercules
1.5%
You want to talk about a problem? I sell ice for a living. Kristoff
83.3%
Anna
0.6%
Elsa
1.6%
Olaf
6.9%
What a softshell I'm turning out to be. Sebastian
81%
Tamatoa
3.8%
Flounder
3.6%
Maui
3.5%
But, you see, I have the other slipper. Cinderella
78.5%
Lady Tremaine
8.7%
Fairy Godmother
3.4%
Jaq
1.7%
All right! Let's go kiss Hans! Who is this Hans? Olaf
76.3%
Anna
7.2%
Kristoff
3.6%
Elsa
5.5%
Nonsense, child. If you'd lost all your faith, I couldn't be here. And here I am. Fairy Godmother
72.6%
Gramma Tala
8%
Grandmother Fa
7.9%
Mufasa
3.3%
If it's not Baroque, don't fix it! Cogsworth
72.6%
The Archdeacon
6.7%
Dr. Jumba
5.4%
Wiggins
6.3%
It serves me right for wishing on stars. The ONLY way to get what you want in this world is through hard work. Tiana
72.3%
Mulan
10.4%
Hercules
5%
Ralph
3.7%
What do you want me to do, dress in drag and do the hula? Timon
71.6%
Lilo
7.6%
Maui
6.8%
Mushu
6.3%
He comes on with his big, innocent farm boy routine, but I could see through that in a Peloponnesian minute. Megara
69.6%
Tiana
7.2%
Esmeralda
6.3%
Mulan
8.1%
Then it appears we've crowned the wrong fool. The only fool I see, is you! Esmeralda
68%
Megara
7.5%
Tiana
11.5%
Pocahontas
4.3%
Uh, guys? Olympus would be that way. Hades
67.6%
Pain
3.7%
Panic
4.9%
Megara
15.5%
Oh yes, the past can hurt. But from the way I see it, you can either run from it, or... learn from it. Rafiki
66.8%
Mama Odie
6%
Big Mama
5.2%
Grandmother Willow
13.5%
You wouldn't hit a guy with glasses, would you?..........You hit a guy, with glasses. That's... that's... well-played. King Candy
57.6%
Hades
12.7%
Hans
11.2%
Yzma
9.8%
There's no-one I'd rather be... than me. Ralph
50.2%
Hercules
10.2%
Quasimodo
25.7%
Taran
5.3%
Whatever just happened... blame it on the pig. Gramma Tala
46.5%
Grandmother Willow
14.4%
Grandmother Fa
26.5%
Fairy Godmother
3.9%
Are you ready to fly? Good day to try. Why, if I picked a day to fly, this would be it. The Festival of Fools! Quasimodo
42.6%
Claude Frollo
16%
Esmeralda
8.9%
Hugo
23.6%
If my name was Sebastian and I had a cool Jamaican accent, you'd totally help me. Tamatoa
41.9%
Ariel
17.2%
Mushu
20.7%
Genie
12.3%
I implore you: Try. Try to make the world a better place. Look inside yourself and recognize that change starts with you. It starts with me. It starts with all of us. Judy Hopps
40.2%
Esmeralda
7.9%
Pocahontas
32.4%
Jim Hawkins
10.5%
Well, as Ol' Reliable used to say... he'd say, uh... He'd say, uh... er... Doggone. You know, I clean forgot what it was he used to say! Trusty
37.3%
Pongo
14.9%
Jock
17%
Copper
20.9%
You know, I have the strangest feeling that I've seen that ship before. A long time ago, when I was very young. Mr. Darling
34.7%
Mrs. Darling
24.2%
John Smith
20%
Chief Tui
12.4%
Captain! Tell them you never found us! After all, people get lost in the jungle all the time! Professor Porter
34.6%
Jane Porter
41.3%
Baloo
2.2%
Tarzan
13.7%
Take it from an old spectator. Life's not a spectator sport. If watchin' is all you're gonna do, then you're gonna watch your life go by without ya. Laverne
25.6%
Mufasa
4.4%
Mama Odie
33.3%
Grandmother Willow
27.2%
Don’t you understand? You mean more to me than anything in this whole world. Peter Pan
16.8%
Pocahontas
24.9%
Moana
21.1%
Aladdin
28.3%

You're not logged in!

Compare scores with friends on all Sporcle quizzes.
OR
Log In

Sporcle TV

Today on Sporcle TV


Watch our educational content, quiz creation guides, and fun videos on Sporcle TV.

Show Comments

Extras

Top Quizzes Today


Score Distribution

Your Account Isn't Verified!

In order to create a playlist on Sporcle, you need to verify the email address you used during registration. Go to your Sporcle Settings to finish the process.

Report this User

Report this user for behavior that violates our Community Guidelines.

Details: